000 00459nam a2200145 i 4500
001 190170
003 ES-MaACL
005 20230906223646.0
008 200904s1880 sp |||| | spa d
245 0 0 _aMáquina de vapor tipo Corliss /
_cLa Maquinista Terrestre y Marítima.
260 _aBarcelona :
_b[s.n.],
_c1880.
650 4 _aMáquinas de vapor.
_9136563
710 2 _aLa Maquinista Terrestre y Marítima, S.A.
_9170259
852 _aES-MaACL
_jT-578-F-1
999 _c190170
_d190170